000 00245nam a22001097a 4500
020 _a9780761148579
082 _a610
100 _aMURKOFF, HEIDI
245 _aWHAT TO EXPECT WHEN YOU'RE EXPECTING - PREGNANCY BOOK
300 _a614P
942 _cBK
999 _c6976
_d6976